000 00455nam a2200181Ia 4500
001 7608
005 20260306160507.0
008 260306t2006||||xx |||||||||||||| ||spa||
041 _aESP
082 _a352.283
_bC76
100 _aPerú. Consejo Nacional de Descentralización
_eAUT
245 0 _aGlosario de la descentralización
260 _c2006
300 _a116 páginas :
_c21 cm.
650 _aGEN
654 _aCAN
942 _cLIB
_dJUS
_fJUS
_2ddc
_n
999 _c7608
_d7608